000 00761nam a22002297a 4500
005 20250210160055.0
008 250210b |||||||| |||| 00| 0 eng d
020 _a978-1-55939-274-7 (pbk)
037 _cTB
040 _aCRL
_cCRL
041 _2eng
_aeng
084 _aR6947x1,1 P7
_qCRL
245 _aNagarjuna's precious garland:
_bBuddhist advice for living and liberation
260 _aBoulder, USA:
_bSnow Lion,
_c2007
300 _a283p.
365 _b2350.00
_cINR
650 _aPhilosophy
650 _aNagarjuna
700 _aHopkins, Jeffrey (Editor)
_9734984
942 _2CC
_cTB
_hR6947x1,1 P7
_n0
999 _c1238382
_d1238382